000
00246nam a2200097Ia 4500
001
1210999
005
20250827024428.0
008
250824s9999 xx 000 0 und d
245
0
_a
ŞAİRLER ŞEHRİ B3
_c
BUKET UZUNER
260
_b
EVEREST YAYINLARI
999
_c
1210999
_d
1210999